Holiday Quiz

Random Holiday or Carol Quiz

1st December - Christmas Quiz #1 Stats

 Plays Quiz not verified by Sporcle

Score 0/10 Timer 04:00
0 Plays Today
Question Answer Wrong Answers
'Bearing gifts we traverse afar' We Three Kings
93.6%
Jingle Bells
1.6%
Silent Night
1.3%
I'll be Home for Christmas
2.9%
'Tis the season to be jolly' Deck the Halls
88.8%
While Shepherds Watched
1%
Jingle Bells
4.8%
God Rest Ye Merry Gentlemen
2.9%
'Round yon virgin mother and child' Silent Night
88.2%
Jingle Bells
1%
I'll be Home for Christmas
1.6%
We Three Kings
9.3%
'And Heaven and nature sing' Joy to the World
85.9%
Away in a Manger
6.4%
While Shepherds Watched
5.1%
White Christmas
1.6%
'Joyful and triumphant' O Come All Ye Faithful
82.1%
Joy to the World
8.6%
Deck the Halls
0.6%
Ave Maria
3.8%
'Looked down where he lay' Away in a Manger
78.9%
Joy to the World
1.3%
Little Town of Bethlehem
9.3%
The First Noel
5.1%
'On a cold winter's night that was so deep' The First Noel
67.7%
Away in a Manger
13.1%
Ave Maria
11.8%
Deck the Halls
1.3%
'O tidings of comfort and joy' God Rest Ye Merry Gentlemen
66.8%
The First Noel
12.8%
Ding Dong Merrily on High
10.5%
Away in a Manger
4.5%
'Disperse the gloomy clouds of night' O Come O Come Emmanuel
60.7%
O Come All Ye Faithful
16.6%
Hark the Herald Angels
6.7%
The First Noel
12.1%
'God and sinners reconciled' Hark the Herald Angels
52.7%
O Come All Ye Faithful
31.3%
O Come O Come Emmanuel
7.7%
The First Noel
5.1%

You're not logged in!

Compare scores with friends on all Sporcle quizzes.
OR
Log In

Show Comments

Extras

Top Quizzes Today


Score Distribution

Your Account Isn't Verified!

In order to create a playlist on Sporcle, you need to verify the email address you used during registration. Go to your Sporcle Settings to finish the process.

Report this User

Report this user for behavior that violates our Community Guidelines.

Details: